Normal view
MARC view
- Awaisi, Muhammad Salah ud Din
Entry Personal Name
001 - CONTROL NUMBER
- control field: 17076
003 - CONTROL NUMBER IDENTIFIER
- control field: NUST
005 - DATE AND TIME OF LATEST TRANSACTION
- control field: 20190708105736.0
008 - FIXED-LENGTH DATA ELEMENTS
- fixed length control field: 190708|| aca||aabn | a|a d
040 ## - CATALOGING SOURCE
- Original cataloging agency: NUST
- Transcribing agency: NUST
100 ## - HEADING--PERSONAL NAME
- Personal name: Awaisi, Muhammad Salah ud Din
670 ## - SOURCE DATA FOUND
- Source citation: Work cat.: (NUST): Awaisi, Muhammad Salah ud Din, Bazurgan-e-Bahawalpur \, 2006.
